000 00389nam a2200145Ia 4500
008 210210b1980 xxu||||| |||| 00| 0 eng d
082 _a050.954 INDI
100 _aINDIA.
245 _aIndia a reference annual 1980.
260 _aNew Delhi.
_bMinistry of Information & Broadcasting Govt Of India.,
_c1980
300 _a580,71
650 _aIndia
690 _aSerials
906 _a035323
999 _c85883
_d85883